| 000 | 00633nam a2200193 a 4500 | ||
|---|---|---|---|
| 005 | 20210219160038.0 | ||
| 008 | 080619s1986 mx r 000 0 spa d | ||
| 035 | _aUPN01000157131 | ||
| 049 | _aUNE | ||
| 080 | _a341.16: 001:61.1 (100) =40UNE. | ||
| 110 | 2 | _aUNESCO | |
| 245 | 1 | 0 |
_a40 années au service de la paix et de l'action commune : _bBilan du travail et participation de la RDA |
| 260 |
_aBerlin : _bCommission de la RDA pour L'UNESCO, _c1986. |
||
| 300 |
_a61 p. : _bretrs. |
||
| 690 | _aEstructura administrativa - UNESCO | ||
| 690 | _aUNESCO - Organismos internacionales | ||
| 690 | _aOrganismos | ||
| 905 | _aUNESCO | ||
| 999 |
_c129245 _d129245 |
||